| 000 | 00777nam a2200289Ia 4500 | ||
|---|---|---|---|
| 005 | 20260324120426.0 | ||
| 008 | 008 260324s9999 xx 000 0 eng d | ||
| 020 | _a9781315549804 | ||
| 037 | _aEBOOK | ||
| 040 | _aCRL | ||
| 040 | _beng | ||
| 040 | _cCRL | ||
| 041 | _2eng | ||
| 041 | _aeng | ||
| 084 | _qCRL | ||
| 100 |
_aBrandon Marriott _91158519 |
||
| 245 | 0 | _aTransnational Networks and Cross-Religious Exchange in the Seventeenth-Century Mediterranean and Atlantic Worlds | |
| 245 | 0 | _bSabbatai Sevi and the Lost Tribes of Israel | |
| 260 | _bTaylor and Francis | ||
| 260 | _c2015 | ||
| 365 | _a | ||
| 365 | _b230 | ||
| 856 | _uhttp://www.taylorfrancis.com/books/9781315549804 | ||
| 942 | _cEBOOK | ||
| 999 |
_c1750046 _d1750046 |
||